Statistics for Countries with 5 Neighbours earlier in Alphabetical order

Click here to take the quiz!

General Stats

  • This quiz has been taken 40 times
  • The average score is 13 of 16

Answer Stats

# Country % Correct
13Russia
94%
8Turkey
91%
7Sudan
91%
7Ukraine
91%
8Serbia
89%
6Niger
89%
6Tanzania
89%
5Saudi Arabia
89%
7Zambia
86%
5Uzbekistan
83%
5Germany
80%
5Republic of the Congo
80%
5Switzerland
80%
5Uganda
71%
5Peru
60%
5Senegal
49%

Score Distribution

Percentile by Number Answered

Percent of People with Each Score

Your Score History

You have not taken this quiz